Development value in collective enfranchisement claims: Part 2 (Record no. 83824)

MARC details
000 -LEADER
fixed length control field 01127cab a22002415a 4500
001 - CONTROL NUMBER
control field L155136
008 - FIXED-LENGTH DATA ELEMENTS--GENERAL INFORMATION
fixed length control field 120306e20120225xxk 000 0 eng d
035 ## - SYSTEM CONTROL NUMBER
System control number (Sirsi) u155136
041 0# - LANGUAGE CODE
Language code of text/sound track or separate title eng
100 1# - MAIN ENTRY--PERSONAL NAME
Personal name Harrison, Piers
245 00 - TITLE STATEMENT
Title Development value in collective enfranchisement claims: Part 2
260 ## - PUBLICATION, DISTRIBUTION, ETC.
Date of publication, distribution, etc. 2012
490 ## - SERIES STATEMENT
Series statement Estates Gazette
Volume/sequential designation (1206) 25 February 2012, 94-95(2)
520 ## - SUMMARY, ETC.
Summary, etc. Part 2 of a Mainly for Students article looks at the calculation of development value in collective enfranchisement claims with particular reference to value of landlord's reversion and calculation of marriage value under Leasehold Reform Housing and Urban Development Act 1993 Schedule 6 paragraphs 3 and 4. Refers to case law and worked examples. For Part 1 see L155004.
590 ## - LOCAL NOTE (RLIN)
Local note KA
650 24 - SUBJECT ADDED ENTRY--TOPICAL TERM
Topical term or geographic name entry element 31 CADOGAN SQUARE FREEHOLD LTD V EARL CADOGAN
650 24 - SUBJECT ADDED ENTRY--TOPICAL TERM
Topical term or geographic name entry element 37 CADOGAN SQUARE FREEHOLD LTD V EARL CADOGAN
650 24 - SUBJECT ADDED ENTRY--TOPICAL TERM
Topical term or geographic name entry element LEASEHOLD REFORM, HOUSING AND URBAN DEVELOPMENT ACT 1993 SCHED 6
651 #4 - SUBJECT ADDED ENTRY--GEOGRAPHIC NAME
Geographic name England and Wales
Chronological subdivision 1543-
690 ## - LOCAL SUBJECT ADDED ENTRY--TOPICAL TERM (OCLC, RLIN)
Topical term or geographic name as entry element Valuation
9 (RLIN) 6273
690 ## - LOCAL SUBJECT ADDED ENTRY--TOPICAL TERM (OCLC, RLIN)
Topical term or geographic name as entry element Residential property
9 (RLIN) 6266
942 ## - ADDED ENTRY ELEMENTS (KOHA)
Suppress in OPAC 0
Holdings
Withdrawn status Lost status Source of classification or shelving scheme Damaged status Not for loan Home library Current library Shelving location Date acquired Total Checkouts Full call number Barcode Date last seen Copy number Price effective from Koha item type
    Dewey Decimal Classification     London London Journal article 06/03/2012   L155136 155136-1001 06/08/2019 1 06/08/2019 Journal article